| 000 | 02204nam a22002537a 4500 | ||
|---|---|---|---|
| 008 | 251112b |||||||| |||| 00| 0 eng d | ||
| 020 | _a9782749947204 | ||
| 040 | _ctbs | ||
| 041 | _afre | ||
| 050 |
_aPQ2674.O719 _bG84 2024 |
||
| 100 |
_aNorek, Olivier _926482 _eauthor |
||
| 245 |
_aLes guerriers de l'hiver _c/ Olivier Norek. |
||
| 260 |
_aParis : _bMichel Lafon, _c2024. |
||
| 300 |
_a446 pages : _billustrations, maps ; _c23 cm. |
||
| 520 | _aJe suis certain que nous avons réveillé leur satané Sisu. Je ne parle pas leur langue, camarade. Et je ne pourrais te traduire ce mot, car il n'a d'équivalent nulle part ailleurs. Le Sisu est l'âme de la Finlande. Il dit le courage, la force intérieure, la ténacité, la résistance, la détermination ... Une vie austère, dans un environnement hostile, a forgé leur mental d'un acier qui nous résiste aujourd'hui." Imaginez un pays minuscule. Imaginez-en un autre, gigantesque. Imaginez maintenant qu'ils s'affrontent. Au cœur du plus mordant de ses hivers, au cœur de la guerre la plus meurtrière de son histoire, un peuple se dresse contre l'ennemi, et parmi ses soldats naît une légende. La légende de Simo, la Mort Blanche. | ||
| 520 | _a“I’m certain we’ve awakened their damned Sisu. I don’t speak their language, comrade, and I couldn’t translate that word for you, because it has no equivalent anywhere else. Sisu is the soul of Finland. It means courage, inner strength, tenacity, endurance, determination… A harsh life in a hostile land has forged their minds from steel—and that steel is resisting us today.” Imagine a tiny country. Now imagine another, vast and powerful. And now imagine them at war. In the grip of one of the fiercest winters, amid the deadliest war in its history, a nation rises against its enemy—and among its soldiers, a legend is born. The legend of Simo, the White Death. | ||
| 650 | 0 |
_aHäyhä, Simo _vFiction _926483 |
|
| 650 | 0 |
_aRusso-Finnish War, 1939-1940 _vFiction _926484 |
|
| 650 | 0 |
_aSnipers _zFinland _vFiction _926485 |
|
| 651 | 0 |
_aFinland _xHistory _y1939-1945 _926486 |
|
| 655 | 0 |
_aHistorical fiction _922722 |
|
| 655 | 0 |
_aBiographical fiction _923613 |
|
| 942 | _2lcc | ||
| 999 |
_c5172 _d5172 |
||